=LDR 00000nam 2200000 4500 =001 INLIS000000000031506 =005 20130612133555 =008 ***********************************ind** =035 ##$$0010-061300000031506 =041 ##$$a ind =082 ##$$a 028.55 =090 ##$$a 028.55, Nat, k =100 ##$$a NATA, Koko =245 ##$$a Kola, , Koala Banyak Tanya , Koko Nata;Editor,Syarif Nurhakim =260 ##$$b 978-979-063-026-0 =300 ##$$a 31 hlm., , ilus., , 21 cm =650 ##$$a BACAAN KANAK-KANAK =700 ##$$a NURHAKIM, Syerif =850 ##$$a NBPNMAT =990 ##$$a 0001/BPAP-NTB/2015